000 nam a22 a 4500
999 _c829
_d829
003 AKMAL
005 20170505142658.0
008 170505s1996 my 00 may d
020 _a983990275X:
_cRM 29.00
040 _aAKMAL
082 0 4 _a297.1229 ABD
090 _a297.1229
_bABD
_dM
100 _aNik Abdul Aziz Nik Mat,
_cDato',
_d1931-2015
_91805
245 1 0 _aTafsir surah Hud (dari Dewan Zulkifli Muhammad) /
_cNik Abdul Aziz Nik Mat
260 _aKota Bharu :
_bMaahad Ad-Dakwah Wal-Imamah,
_c1996
300 _avi, 256ms. ;
_c27cm
599 _aDALAM PROSES
650 _aQur'an
_xCriticism, interpretation, etc.
_91730
942 _2ddc
_cBOOK